| 000 | 00911ngm a22003610a 4500 | ||
|---|---|---|---|
| 001 | PT13928 | ||
| 003 | AR-LpoUNG | ||
| 005 | 20210202000436.0 | ||
| 007 | vd cvaizq | ||
| 008 | 191001s2001||||ag |||||||||||||||||spa d | ||
| 037 | _c$7.96 | ||
| 037 | _c$8.30 | ||
| 040 |
_aAR-LpoUNG _bspa _cAR-LpoUNG _eaacr |
||
| 041 | _aspa | ||
| 044 | _aag | ||
| 082 | 0 | _a302.5 375cie | |
| 100 | 1 |
_aMartel, Lucrecia _edir. |
|
| 245 | 1 | 3 | _aLa ciƩnaga |
| 260 |
_aBuenos Aires : _bTranseuropa Video Entertainment, _c2001. |
||
| 300 | _aVHS (100 min.) : son., col. | ||
| 650 | 4 | _aALCOHOLISMO | |
| 650 | 4 | _aCONDICIONES DE VIDA | |
| 650 | 4 | _aCONFLICTOS SOCIALES | |
| 650 | 4 | _aDRAMA | |
| 650 | 4 | _aFAMILIA | |
| 650 | 4 | _aPROBLEMAS SOCIALES | |
| 653 | _aCINE ARGENTINO | ||
| 653 | _aVIDEOS | ||
| 710 | 2 | _aCuatro Cabezas Films (firma comercial) | |
| 710 | 2 | _aStantic, Lita | |
| 905 | _a13928 | ||
| 942 | _cVIDEO | ||
| 999 |
_c54854 _d54854 |
||